[Event "16th EUR-ch"]
[Site "Jerusalem ISR"]
[Date "2015.02.26"]
[Round "3"]
[White "Toporkova, Sofia"]
[Black "Feldman, Antony"]
[Result "0-1"]
[WhiteElo "1962"]
[BlackElo "1807"]
[EventDate "2015.02.24"]
[PlyCount "71"]

1.d4 Nf6 2.c4 c5 3.d5 d6 4.Qc2 g6 5.e4 Bg7 6.Nc3 O-O 7.f4 e6 8.Nf3 exd5 9.
cxd5 Na6 10.Bxa6 bxa6 11.O-O Rb8 12.h3 Re8 13.Re1 Nd7 14.g4 Nb6 15.Kh2 Nc4
16.Rb1 Qa5 17.Kg3 Bd7 18.Bd2 Qc7 19.Re2 Qc8 20.Nd1 Qb7 21.Nc3 Qc8 22.f5 
Nxd2 23.Rxd2 Rb4 24.Re1 Qb8 25.Rde2 Rxb2 26.Qxb2 Qxb2 27.Rxb2 Bxc3 28.Rb7 
Bxe1+ 29.Nxe1 Bc8 30.Rc7 gxf5 31.e5 dxe5 32.d6 Rd8 33.Nd3 Be6 34.gxf5 Bxf5
35.Nxe5 Rxd6 36.Nxf7 0-1

[Event "16th EUR-ch"]
[Site "Jerusalem ISR"]
[Date "2015.02.26"]
[Round "3"]
[White "Iliaguev, Daniel"]
[Black "Chazan, Yonatan"]
[Result "0-1"]
[WhiteElo "1813"]
[BlackElo "1961"]
[EventDate "2015.02.24"]
[PlyCount "68"]

1.e4 c5 2.Nf3 Nc6 3.Bb5 Nf6 4.e5 Nd5 5.O-O Nc7 6.Bxc6 dxc6 7.h3 g6 8.c3 
Qd3 9.b3 Bh6 10.c4 O-O 11.Bb2 Ne6 12.Ne1 Qd7 13.Nc2 Rd8 14.Ne3 b5 15.Qg4 
Qd3 16.Qf3 Nd4 17.Bxd4 cxd4 18.Ng4 Qxf3 19.Nxh6+ Kg7 20.gxf3 Kxh6 21.Kg2 
Bf5 22.cxb5 cxb5 23.Na3 a6 24.Rac1 Rac8 25.Rfe1 Kg5 26.Kg3 Bd3 27.Ra1 Kf5 
28.f4 a5 29.Rec1 Ke6 30.f3 Kd5 31.Rd1 Rc6 32.Kf2 Rdc8 33.Ke1 Bc2 34.Rdc1 
Bf5 0-1

[Event "16th EUR-ch"]
[Site "Jerusalem ISR"]
[Date "2015.02.26"]
[Round "3"]
[White "Travinsky, Mark"]
[Black "Gorodetzky, Matan"]
[Result "1-0"]
[WhiteElo "1958"]
[BlackElo "1733"]
[EventDate "2015.02.24"]
[PlyCount "35"]

1.d4 e6 2.c4 Nf6 3.Nc3 Bb4 4.Qc2 d5 5.e3 c5 6.dxc5 Ne4 7.Bd3 Nxc5 8.Ne2 
Nc6 9.cxd5 Qxd5 10.Nf4 Qd6 11.O-O g5 12.Nb5 Qd8 13.a3 gxf4 14.axb4 Nxd3 
15.Rd1 Ncxb4 16.Nc7+ Kf8 17.Qc3 Rg8 18.Qxb4+ 1-0

[Event "16th EUR-ch"]
[Site "Jerusalem ISR"]
[Date "2015.02.26"]
[Round "3"]
[White "Abend, Ilay"]
[Black "Belokopyt, Boris"]
[Result "1/2-1/2"]
[WhiteElo "1725"]
[BlackElo "1956"]
[EventDate "2015.02.24"]
[PlyCount "98"]

1.e4 Nf6 2.Nc3 d6 3.d4 c6 4.Nf3 Nbd7 5.Bd3 e5 6.dxe5 Nxe5 7.Nxe5 dxe5 8.
O-O Be7 9.Be3 O-O 10.Be2 Be6 11.f3 b5 12.a3 a5 13.Qe1 Qc7 14.Qf2 Rab8 15.
Rfd1 Nd7 16.Kh1 Nb6 17.f4 f6 18.f5 Bc4 19.Bh5 Bf7 20.Be2 Nc4 21.Bxc4 Bxc4 
22.b3 Bf7 23.Rd2 b4 24.Na4 bxa3 25.Bb6 Qb7 26.Bxa5 Bb4 27.Bxb4 Qxb4 28.
Rdd1 Rbd8 29.Qe1 Rxd1 30.Rxd1 Qxe1+ 31.Rxe1 Rd8 32.Ra1 Rd2 33.h3 a2 34.c4 
Rc2 35.Nc5 Rb2 36.Kh2 g6 37.Na4 Rxb3 38.Rxa2 Bxc4 39.Rd2 Rd3 40.Rb2 Bb5 
41.Nc5 Rd4 42.Ra2 Rc4 43.Ne6 gxf5 44.exf5 h5 45.Ra7 Rc2 46.Rg7+ Kh8 47.Rf7
Bf1 48.Rf8+ Kh7 49.Rf7+ Kh8 1/2-1/2

[Event "16th EUR-ch"]
[Site "Jerusalem ISR"]
[Date "2015.02.26"]
[Round "3"]
[White "Lukin, Elisha"]
[Black "Vardi, Shlomit"]
[Result "1-0"]
[WhiteElo "1721"]
[BlackElo "1945"]
[EventDate "2015.02.24"]
[PlyCount "137"]

1.d4 Nf6 2.c4 g6 3.Nc3 Bg7 4.e4 d6 5.Be2 O-O 6.Nf3 e5 7.O-O Nc6 8.d5 Ne7 
9.Ne1 Nd7 10.Be3 f5 11.f3 f4 12.Bf2 g5 13.Nd3 Nf6 14.c5 h5 15.Rc1 Rf7 16.
cxd6 cxd6 17.Nb5 Ng6 18.Nxa7 Bd7 19.Qb3 Qb8 20.Nb5 Bxb5 21.Qxb5 Rxa2 22.
Bb6 Bf8 23.Rc2 Qa8 24.Rfc1 Ra1 25.Rxa1 Qxa1+ 26.Rc1 Qa8 27.Bd1 g4 28.Qa4 
Qb8 29.Qc4 Qa8 30.Nb4 Ne7 31.Qa2 Qxa2 32.Nxa2 Ng6 33.Rc7 Nh4 34.Kf2 gxf3 
35.gxf3 Nd7 36.Ba5 Rg7 37.Kf1 Nc5 38.Rxg7+ Kxg7 39.Ke2 Ng2 40.Bd2 Be7 41.
b4 Na6 42.Kf2 Nh4 43.Ba4 Nb8 44.Nc3 Ng6 45.Nd1 Nf8 46.Nb2 Na6 47.Nc4 Nc7 
48.Nb6 Kf7 49.Kg2 Na6 50.Be1 Nb8 51.Kh3 Ng6 52.Nc8 Bf8 53.b5 Ke8 54.Bb4 
Kd7 55.Nb6+ Kc7 56.Na8+ Kc8 57.b6 Be7 58.Be8 Nf8 59.Bxh5 Na6 60.Ba5 Bd8 
61.Kg4 Kb8 62.Nc7 Nxc7 63.bxc7+ Bxc7 64.Bb4 Kc8 65.Kf5 Kd7 66.Kf6 Bd8+ 67.
Kg7 Be7 68.Ba5 b5 69.Kf7 1-0

[Event "16th EUR-ch"]
[Site "Jerusalem ISR"]
[Date "2015.02.26"]
[Round "3"]
[White "Bronstein, Or"]
[Black "Kochavi, Ori"]
[Result "0-1"]
[WhiteElo "1944"]
[BlackElo "1607"]
[EventDate "2015.02.24"]
[PlyCount "112"]

1.e4 c5 2.Nf3 e6 3.d4 cxd4 4.Nxd4 a6 5.c4 Nf6 6.Nc3 d6 7.Be2 Qc7 8.O-O Be7
9.Be3 Nbd7 10.Rc1 O-O 11.Qd2 Nc5 12.f3 Rd8 13.Rfd1 b6 14.Bf1 Bb7 15.Qf2 
Rac8 16.b4 Ncd7 17.a3 Qb8 18.Nb3 Ba8 19.Na4 b5 20.cxb5 axb5 21.Na5 d5 22.
Ba7 Qf4 23.Rxc8 Rxc8 24.g3 Qc7 25.Bxb5 dxe4 26.Bxd7 Nxd7 27.f4 e5 28.Nb6 
Nxb6 29.Bxb6 Qc3 30.Qe3 Qc2 31.Qd2 Qxd2 32.Rxd2 exf4 33.gxf4 Bh4 34.Kf1 
Rc1+ 35.Rd1 Rxd1+ 36.Ke2 Re1+ 37.Kd2 Ra1 38.Nc4 Bd5 39.Bd4 Ra2+ 40.Kc3 
Be1+ 41.Kb3 Bxc4+ 42.Kxc4 Rxa3 43.b5 Ba5 44.Bc5 Rc3+ 45.Kd5 Rxc5+ 46.Kxe4 
Rxb5 47.f5 f6 48.h4 Rb4+ 49.Kd5 Rxh4 50.Kc6 Rf4 51.Kb7 h5 52.Ka6 h4 53.
Kxa5 h3 54.Ka6 h2 55.Ka7 h1=Q 56.Kb8 Qc6 0-1

[Event "16th EUR-ch"]
[Site "Jerusalem ISR"]
[Date "2015.02.26"]
[Round "3"]
[White "Gottfried, Jonathan"]
[Black "Saadon, Netanel"]
[Result "0-1"]
[WhiteElo "1653"]
[BlackElo "1939"]
[EventDate "2015.02.24"]
[PlyCount "120"]

1.d4 Nf6 2.c4 c5 3.d5 b5 4.cxb5 a6 5.bxa6 Bxa6 6.Nc3 d6 7.Nf3 g6 8.g3 Bg7 
9.Bg2 O-O 10.O-O Nbd7 11.Qc2 Qa5 12.Re1 Rfb8 13.e4 Ng4 14.Bd2 Nge5 15.Nxe5
Nxe5 16.b3 Nd3 17.Re3 Nb4 18.Qd1 Bd4 19.Rf3 Qc7 20.Bf1 Bxf1 21.Kxf1 Qc8 
22.Kg2 Qa6 23.a3 Nd3 24.a4 Ne5 25.Rf4 Qd3 26.Rc1 c4 27.bxc4 Nxc4 28.Be1 
Ne5 29.Nb5 Bb2 30.Rb1 Qxd1 31.Rxd1 Rxa4 32.Nc3 Rc4 33.Ne2 Rbc8 34.Ng1 Bc1 
35.Rh4 Bg5 36.Rh3 Bf6 37.Nf3 Rxe4 38.Nxe5 Rxe5 39.g4 Re4 40.f3 Rd4 41.Rxd4
Bxd4 42.f4 Rc5 43.Rd3 Rxd5 44.Bf2 e5 45.Kf3 f5 46.gxf5 gxf5 47.Ke2 Kf7 48.
Bxd4 Rxd4 49.Rxd4 exd4 50.Kd3 Kg6 51.Kxd4 Kh5 52.h3 Kh4 53.Kd5 Kg3 54.Kxd6
Kxf4 55.Ke6 Ke4 56.h4 f4 57.Kf6 f3 58.h5 f2 59.Kg7 f1=Q 60.Kxh7 Qf5+ 0-1

[Event "16th EUR-ch"]
[Site "Jerusalem ISR"]
[Date "2015.02.26"]
[Round "3"]
[White "Yaniv, Ori"]
[Black "Lukovski, Lev"]
[Result "1-0"]
[WhiteElo "1579"]
[BlackElo "1932"]
[EventDate "2015.02.24"]
[PlyCount "53"]

1.e4 d5 2.exd5 Qxd5 3.Nc3 Qd6 4.Bc4 Nf6 5.d3 c6 6.h3 Bf5 7.Nf3 e6 8.Bd2 a5
9.a4 Nbd7 10.O-O Nb6 11.Bb3 h6 12.Qe1 Nbd7 13.Ne2 Qc7 14.Ned4 g6 15.Bc3 
Bc5 16.Nxf5 gxf5 17.Bxe6 fxe6 18.Qxe6+ Be7 19.Rfe1 Rh7 20.Bxf6 Nxf6 21.
Qxf6 Rf7 22.Qg6 Kf8 23.Qxh6+ Kg8 24.Re6 Bf8 25.Rg6+ Rg7 26.Ng5 Rxg6 27.
Qxg6+ 1-0

[Event "16th EUR-ch"]
[Site "Jerusalem ISR"]
[Date "2015.02.26"]
[Round "3"]
[White "Iliaguev, Nisim"]
[Black "Fainman, Tomer"]
[Result "1-0"]
[WhiteElo "1926"]
[BlackElo "1571"]
[EventDate "2015.02.24"]
[PlyCount "54"]

1.e4 c5 2.Nf3 e6 3.d4 cxd4 4.Nxd4 Nc6 5.Nc3 Nf6 6.Nxc6 bxc6 7.Bd3 h6 8.O-O
a5 9.e5 Nd5 10.Nxd5 cxd5 11.f4 Bc5+ 12.Kh1 Qh4 13.f5 Bb7 14.fxe6 dxe6 15.
Bb5+ Kf8 16.Rf4 Qe7 17.Bd2 d4 18.Qe2 g5 19.Rf6 Rh7 20.Raf1 Kg8 21.Bd3 Rf8 
22.Bxh7+ Kxh7 23.Qh5 Be4 24.Rxh6+ Kg7 25.Bxg5 Bxg2+ 26.Kxg2 Qb7+ 27.Kh3 
Qe4 1-0

[Event "16th EUR-ch"]
[Site "Jerusalem ISR"]
[Date "2015.02.27"]
[Round "4"]
[White "Lupulescu, Constantin"]
[Black "Korobov, Anton"]
[Result "0-1"]
[WhiteElo "2626"]
[BlackElo "2687"]
[EventDate "2015.02.24"]
[PlyCount "122"]

1.d4 d5 2.c4 c6 3.Nf3 Nf6 4.e3 Bf5 5.Nc3 e6 6.Nh4 Be4 7.f3 Bg6 8.Qb3 Qc7 
9.Bd2 Be7 10.g3 Bh5 11.Be2 a6 12.O-O dxc4 13.Bxc4 b5 14.Be2 c5 15.dxc5 
Nbd7 16.Rac1 Nxc5 17.Qc2 Qb7 18.b4 Ncd7 19.Qb3 g5 20.Ng2 Ne5 21.e4 g4 22.
Nf4 Qb6+ 23.Kh1 Bg6 24.Nxg6 hxg6 25.f4 Nc6 26.Qb1 Rd8 27.Be1 Qb7 28.Kg1 
Nd4 29.Bd1 g5 30.e5 Nd7 31.Qe4 Qxe4 32.Nxe4 gxf4 33.gxf4 Nb6 34.Bf2 Nc4 
35.Kg2 Nf5 36.Rc3 Rh3 37.Ng3 Nh4+ 38.Kg1 Rxd1 39.Rxd1 Bxb4 40.Rcd3 Nf3+ 
41.Kf1 Be7 42.Rd7 Rxh2 43.Ne4 Kf8 44.Nf6 Bxf6 45.exf6 Kg8 46.Rd8+ Kh7 47.
R1d7 Kg6 48.Rg8+ Kf5 49.Ke2 Ncd2 50.Ke3 Nf1+ 51.Ke2 g3 52.Rxg3 Nxg3+ 53.
Kxf3 Ne4 54.Bd4 Rh3+ 55.Ke2 Kg6 56.f5+ exf5 57.Rd8 f4 58.Rg8+ Kf5 59.Rf8 
f3+ 60.Ke3 f2+ 61.Ke2 Rf3 0-1

[Event "16th EUR-ch"]
[Site "Jerusalem ISR"]
[Date "2015.02.27"]
[Round "4"]
[White "Bukavshin, Ivan"]
[Black "Moiseenko, Alexander"]
[Result "1/2-1/2"]
[WhiteElo "2622"]
[BlackElo "2695"]
[EventDate "2015.02.24"]
[PlyCount "171"]

1.c4 c5 2.Nf3 Nc6 3.Nc3 e5 4.g3 g6 5.Bg2 Bg7 6.O-O d6 7.a3 a5 8.Ne1 Be6 9.
d3 Nge7 10.Nc2 d5 11.cxd5 Nxd5 12.Ne4 b6 13.Ne3 O-O 14.Ng5 Qxg5 15.Bxd5 
Bxd5 16.Nxd5 Qd8 17.e4 Ne7 18.Nxe7+ Qxe7 19.a4 Rad8 20.Qb3 Rd6 21.Be3 h5 
22.Kg2 Kh7 23.f3 Bh6 24.Bg1 Rfd8 25.Rfd1 Qe6 26.Ra3 Qxb3 27.Rxb3 c4 28.Rc3
cxd3 29.Kf1 f5 30.Rc4 fxe4 31.Rxe4 Rf8 32.Kg2 Rc8 33.Rxe5 Rc2+ 34.Kf1 Rxb2
35.f4 Bg7 36.Re7 Rb4 37.Rb7 Rxa4 38.Rxb6 Rxb6 39.Bxb6 Ra3 40.Kf2 a4 41.Ke3
Rb3 42.Bc5 a3 43.Bxa3 Rxa3 44.Rxd3 Rxd3+ 45.Kxd3 Kg8 46.Ke4 Kf7 47.Kf3 Kf6
48.h3 Bf8 49.g4 h4 50.Ke4 Bb4 51.f5 g5 52.Kd5 Ke7 53.Kc6 Ba3 54.Kd5 Kd7 
55.Ke5 Bb2+ 56.Kd5 Bg7 57.Kc5 Be5 58.Kd5 Bb8 59.Kc5 Bc7 60.Kd5 Bd6 61.Ke4 
Bf4 62.Kd5 Ke7 63.Kc6 Kf7 64.Kd5 Kf6 65.Ke4 Be5 66.Kd5 Bb2 67.Ke4 Kf7 68.
Kd5 Ke7 69.Kc5 Kd7 70.Kd5 Bf6 71.Kc5 Bd8 72.Kd5 Bb6 73.Ke5 Ke7 74.Kd5 Bc7 
75.Kc5 Kd7 76.Kd5 Bd6 77.Ke4 Ba3 78.Kd5 Ke7 79.Ke5 Bb2+ 80.Kd5 Kd7 81.Kc5 
Be5 82.Kd5 Bb8 83.Kc5 Ke7 84.Kd5 Kf7 85.Kc5 Kf6 86.Kd5 1/2-1/2

[Event "16th EUR-ch"]
[Site "Jerusalem ISR"]
[Date "2015.02.27"]
[Round "4"]
[White "Erdos, Viktor"]
[Black "Sjugirov, Sanan"]
[Result "1/2-1/2"]
[WhiteElo "2615"]
[BlackElo "2678"]
[EventDate "2015.02.24"]
[PlyCount "25"]

1.c4 Nf6 2.Nf3 e6 3.Nc3 d5 4.d4 c6 5.e3 Nbd7 6.Qc2 Bd6 7.Bd3 dxc4 8.Bxc4 
b5 9.Be2 O-O 10.O-O a6 11.Rd1 Qc7 12.Bd2 c5 13.dxc5 1/2-1/2

[Event "16th EUR-ch"]
[Site "Jerusalem ISR"]
[Date "2015.02.27"]
[Round "4"]
[White "Grigoryan, Karen"]
[Black "Laznicka, Viktor"]
[Result "1-0"]
[WhiteElo "2596"]
[BlackElo "2670"]
[EventDate "2015.02.24"]
[PlyCount "55"]

1.d4 d5 2.c4 c6 3.Nc3 Nf6 4.e3 a6 5.Nf3 b5 6.b3 Bg4 7.Be2 Nbd7 8.Ne5 Bxe2 
9.Nxe2 e6 10.O-O dxc4 11.Nxd7 Qxd7 12.bxc4 c5 13.Bb2 Rc8 14.Rc1 b4 15.d5 
Bd6 16.Bxf6 gxf6 17.e4 O-O 18.f4 Kh8 19.Ng3 Rg8 20.Qh5 e5 21.Nf5 exf4 22.
Rf3 Rg5 23.Qh6 Rg6 24.Qh4 Rg5 25.Rh3 h5 26.Qf2 Kh7 27.Qf3 Kg6 28.Rxh5 1-0

[Event "16th EUR-ch"]
[Site "Jerusalem ISR"]
[Date "2015.02.27"]
[Round "4"]
[White "Motylev, Alexander"]
[Black "Demchenko, Anton"]
[Result "1-0"]
[WhiteElo "2665"]
[BlackElo "2615"]
[EventDate "2015.02.24"]
[PlyCount "83"]

1.e4 e5 2.Nf3 Nc6 3.Bb5 a6 4.Ba4 d6 5.O-O Nf6 6.Re1 Bd7 7.Bxc6 Bxc6 8.Nc3 
Be7 9.d4 exd4 10.Nxd4 O-O 11.Nxc6 bxc6 12.Ne2 Qd7 13.Ng3 Rfe8 14.Bd2 Qg4 
15.e5 dxe5 16.Qxg4 Nxg4 17.h3 Nf6 18.Rxe5 Bd6 19.Rxe8+ Rxe8 20.Re1 Rxe1+ 
21.Bxe1 g6 22.Kf1 Kf8 23.Ke2 Ke7 24.c4 c5 25.Bd2 Be5 26.b3 Bxg3 27.fxg3 
Ne4 28.Be3 Nxg3+ 29.Kf3 Nf5 30.Bxc5+ Ke6 31.g4 Nh4+ 32.Kf4 f6 33.b4 c6 34.
a4 g5+ 35.Ke3 f5 36.a5 Kd7 37.Bd4 Ng2+ 38.Kf3 Ne1+ 39.Ke2 Nc2 40.Bc5 fxg4 
41.hxg4 Ke6 42.b5 1-0

[Event "16th EUR-ch"]
[Site "Jerusalem ISR"]
[Date "2015.02.27"]
[Round "4"]
[White "Goganov, Aleksey"]
[Black "Akopian, Vladimir"]
[Result "1/2-1/2"]
[WhiteElo "2605"]
[BlackElo "2660"]
[EventDate "2015.02.24"]
[PlyCount "101"]

1.d4 Nf6 2.c4 e6 3.Nf3 b6 4.g3 Bb7 5.Bg2 Bb4+ 6.Bd2 c5 7.Bxb4 cxb4 8.O-O 
O-O 9.Qd3 d6 10.Nbd2 Qc7 11.e4 e5 12.Ne1 Nc6 13.Nc2 a5 14.Rfe1 Rfe8 15.a3 
bxa3 16.bxa3 Nd7 17.Rab1 exd4 18.Nxd4 Nc5 19.Nb5 Nxd3 20.Nxc7 Nxe1 21.Rxe1
Reb8 22.Nxa8 Bxa8 23.Nf1 Nd4 24.Ne3 g6 25.Kf1 Ne6 26.Rd1 Rd8 27.Rb1 Rb8 
28.f3 Kf8 29.Ke2 Ke7 30.Kd2 h5 31.h4 Bc6 32.Kc3 Nc5 33.Bh3 Kd8 34.Ng2 Kc7 
35.Nf4 Re8 36.Kd4 Re5 37.Re1 Nb3+ 38.Kc3 Nc5 39.Kd4 Nb3+ 40.Kc3 Nc5 41.Re3
Re8 42.Kd4 Bb7 43.Bf1 Ne6+ 44.Nxe6+ Rxe6 45.f4 Bc6 46.Bd3 Re8 47.f5 Re5 
48.Rf3 Be8 49.Rf2 Kd8 50.Rb2 Kc7 51.Rf2 1/2-1/2

[Event "16th EUR-ch"]
[Site "Jerusalem ISR"]
[Date "2015.02.27"]
[Round "4"]
[White "Mchedlishvili, Mikheil"]
[Black "Volokitin, Andrei"]
[Result "1/2-1/2"]
[WhiteElo "2586"]
[BlackElo "2646"]
[EventDate "2015.02.24"]
[PlyCount "35"]

1.Nf3 Nf6 2.c4 g6 3.Nc3 d5 4.cxd5 Nxd5 5.g3 c5 6.Bg2 Nc6 7.Qa4 Bg7 8.O-O 
Nb6 9.Qh4 h6 10.d3 Bf5 11.g4 Be6 12.Ne4 Nd7 13.Bd2 h5 14.gxh5 Rxh5 15.Qg3 
Nde5 16.Bc3 Nxf3+ 17.Bxf3 Rh3 18.Qg2 1/2-1/2

[Event "16th EUR-ch"]
[Site "Jerusalem ISR"]
[Date "2015.02.27"]
[Round "4"]
[White "Dreev, Aleksey"]
[Black "Ipatov, Alexander"]
[Result "1/2-1/2"]
[WhiteElo "2643"]
[BlackElo "2592"]
[EventDate "2015.02.24"]
[PlyCount "66"]

1.d4 Nf6 2.c4 g6 3.Nc3 d5 4.Nf3 Bg7 5.e3 O-O 6.Bd2 c5 7.dxc5 Na6 8.cxd5 
Nxc5 9.Bc4 Bf5 10.O-O Rc8 11.Be1 Nce4 12.Bb3 Nc5 13.Bc4 Nce4 14.Qe2 Bg4 
15.Nxe4 Nxe4 16.h3 Bxf3 17.gxf3 Qc7 18.fxe4 Qxc4 19.Qxc4 Rxc4 20.f3 f5 21.
Bh4 Kf7 22.Rac1 Rfc8 23.Rxc4 Rxc4 24.b3 Rc3 25.exf5 Rxe3 26.fxg6+ hxg6 27.
Re1 Rxe1+ 28.Bxe1 e6 29.d6 Be5 30.Bb4 Ke8 31.Kf2 Bf4 32.Bc5 b6 33.Be3 Bxd6
1/2-1/2

[Event "16th EUR-ch"]
[Site "Jerusalem ISR"]
[Date "2015.02.27"]
[Round "4"]
[White "Vocaturo, Daniele"]
[Black "Popov, Ivan"]
[Result "1/2-1/2"]
[WhiteElo "2579"]
[BlackElo "2639"]
[EventDate "2015.02.24"]
[PlyCount "116"]

1.d4 d5 2.c4 c6 3.Nf3 Nf6 4.Nc3 dxc4 5.a4 Bf5 6.Ne5 Nbd7 7.Nxc4 Nd5 8.g3 
Nb4 9.e4 Bg4 10.Be2 Bxe2 11.Qxe2 e6 12.O-O Be7 13.d5 exd5 14.exd5 O-O 15.
dxc6 Nxc6 16.Rd1 Re8 17.Be3 Bf6 18.Qg4 Nce5 19.Nxe5 Nxe5 20.Rxd8 Nxg4 21.
Rxe8+ Rxe8 22.Bxa7 h5 23.h3 Ne5 24.Nd5 Nf3+ 25.Kg2 Bxb2 26.Rb1 Ne1+ 27.Kf1
Nd3 28.Nf4 Nxf4 29.Rxb2 Nd3 30.Rxb7 Re1+ 31.Kg2 Ra1 32.Rb8+ Kh7 33.Rb5 
Rxa4 34.Be3 g6 35.Kf1 Rc4 36.Rd5 Nb4 37.Rd7 Kg8 38.Rd8+ Kh7 39.Bd4 g5 40.
Rd7 Kg6 41.Rd6+ Kh7 42.Be3 f6 43.Rxf6 Nd5 44.Rf5 Nxe3+ 45.fxe3 Kg6 46.Rf2 
g4 47.hxg4 Rxg4 48.Rf8 Kg7 49.Rf3 h4 50.gxh4 Rxh4 51.Ke2 Ra4 52.Kd3 Ra3+ 
53.Ke4 Kg6 54.Rf8 Kg7 55.Rf5 Kg6 56.Rf8 Kg7 57.Rf1 Kg6 58.Rf8 Kg7 1/2-1/2

[Event "16th EUR-ch"]
[Site "Jerusalem ISR"]
[Date "2015.02.27"]
[Round "4"]
[White "Sutovsky, Emil"]
[Black "Michalik, Peter"]
[Result "1-0"]
[WhiteElo "2626"]
[BlackElo "2576"]
[EventDate "2015.02.24"]
[PlyCount "53"]

1.e4 e5 2.Nf3 Nc6 3.Bb5 Nf6 4.O-O Nxe4 5.d4 Nd6 6.Bxc6 dxc6 7.dxe5 Nf5 8.
Qxd8+ Kxd8 9.Rd1+ Ke8 10.Nc3 Be7 11.Bf4 Nh4 12.Nd4 Nf5 13.Nf3 Nh4 14.Nd4 
Nf5 15.Nce2 Nxd4 16.Nxd4 Bg4 17.Rd2 Rd8 18.h3 Bc8 19.Rad1 a6 20.e6 Bxe6 
21.Bxc7 Rc8 22.Bb6 Bd5 23.Re1 Kd7 24.Nf5 Rce8 25.c4 Bb4 26.Rxe8 Kxe8 27.
Rd4 1-0

[Event "16th EUR-ch"]
[Site "Jerusalem ISR"]
[Date "2015.02.27"]
[Round "4"]
[White "Kanmazalp, Ogulcan"]
[Black "Kempinski, Robert"]
[Result "0-1"]
[WhiteElo "2457"]
[BlackElo "2625"]
[EventDate "2015.02.24"]
[PlyCount "84"]

1.e4 c5 2.Nf3 d6 3.d4 cxd4 4.Nxd4 Nf6 5.Nc3 a6 6.Bg5 Nbd7 7.Qe2 Qc7 8.f4 
e5 9.Nf5 h6 10.Bxf6 Nxf6 11.O-O-O Be6 12.fxe5 dxe5 13.g4 Rc8 14.Nd5 Bxd5 
15.exd5 g6 16.Ng3 Bd6 17.Ne4 Qxc2+ 18.Qxc2 Rxc2+ 19.Kxc2 Nxe4 20.Rg1 Ke7 
21.Rg2 Rc8+ 22.Kb1 Rc5 23.h3 Nf6 24.Rgd2 Ne4 25.Rg2 b5 26.Re2 Ng3 27.Rc2 
e4 28.Rxc5 Bxc5 29.a4 bxa4 30.Bxa6 f5 31.gxf5 gxf5 32.d6+ Bxd6 33.Bb7 Be5 
34.Kc2 f4 35.Rg1 f3 36.Rxg3 f2 37.Ba6 Bxg3 38.Kd2 Be5 39.Ke2 Bxb2 40.Kxf2 
a3 41.Bc4 Bc1 42.Ke2 Kd6 0-1

[Event "16th EUR-ch"]
[Site "Jerusalem ISR"]
[Date "2015.02.27"]
[Round "4"]
[White "Matlakov, Maxim"]
[Black "Hansen, Sune Berg"]
[Result "1-0"]
[WhiteElo "2695"]
[BlackElo "2571"]
[EventDate "2015.02.24"]
[PlyCount "85"]

1.d4 Nf6 2.c4 e6 3.Nf3 Bb4+ 4.Nbd2 a5 5.e3 O-O 6.Bd3 d5 7.O-O b6 8.a3 Be7 
9.e4 dxe4 10.Nxe4 Bb7 11.Qe2 Nbd7 12.Rd1 Qc8 13.Bf4 Nxe4 14.Bxe4 Bd6 15.
Bg5 Re8 16.Bxb7 Qxb7 17.Ne5 Nf8 18.Rd3 Be7 19.Bd2 Ng6 20.Re1 Nxe5 21.Qxe5 
Bf6 22.Qh5 Rad8 23.Rh3 Rxd4 24.Bc3 h6 25.Bxd4 Bxd4 26.Qg4 Bxb2 27.Rxh6 Qc6
28.Rh3 g6 29.Rd1 Bf6 30.Rf3 Kg7 31.Rh3 Qa4 32.Rd2 b5 33.Rd7 Qxc4 34.Qxc4 
bxc4 35.Rxc7 Rb8 36.g4 c3 37.Rd3 Be5 38.Rc5 Rb3 39.Kg2 g5 40.Rxe5 c2 41.
Rxg5+ Kf6 42.Rxb3 c1=Q 43.h4 1-0

[Event "16th EUR-ch"]
[Site "Jerusalem ISR"]
[Date "2015.02.27"]
[Round "4"]
[White "Cheparinov, Ivan"]
[Black "Mikhalevski, Victor"]
[Result "1/2-1/2"]
[WhiteElo "2681"]
[BlackElo "2559"]
[EventDate "2015.02.24"]
[PlyCount "153"]

1.d4 Nf6 2.c4 g6 3.f3 c5 4.d5 d6 5.Nc3 Bg7 6.e4 O-O 7.Nge2 e6 8.Ng3 exd5 
9.cxd5 a6 10.a4 Nbd7 11.Be2 h5 12.Be3 Nh7 13.O-O Ne5 14.Qd2 h4 15.Nh1 f5 
16.Nf2 Bd7 17.a5 b5 18.axb6 Qxb6 19.f4 Nf7 20.e5 dxe5 21.Nd3 exf4 22.Rxf4 
Rfe8 23.Bxc5 Qf6 24.Rb4 Nd6 25.Rb6 Nc4 26.Rxf6 Nxd2 27.Rxg6 Nf8 28.Rg5 Nh7
29.Rxg7+ Kxg7 30.Bd4+ Nf6 31.Nc5 Bb5 32.Bh5 Rec8 33.Ne6+ Kh6 34.Bf7 Nde4 
35.Nf4 Bd7 36.Nd3 Rcb8 37.Ne5 Rb4 38.Rd1 Be8 39.Be6 Bh5 40.Be3+ Kg7 41.Rc1
f4 42.Nd3 fxe3 43.Nxb4 Rb8 44.Nd3 Nd6 45.Re1 Nc4 46.d6 Nxd6 47.Rxe3 Bg6 
48.b3 Nf5 49.Bxf5 Bxf5 50.Nc5 a5 51.Re7+ Kg6 52.Ra7 Re8 53.Ra6 Re5 54.Rc6 
Kg5 55.h3 Nh5 56.Kf2 Ng3 57.N5a4 Bc2 58.Nc5 Bf5 59.Kf3 Re1 60.Ra6 Rf1+ 61.
Ke3 Re1+ 62.Kd4 Rg1 63.N3e4+ Bxe4 64.Nxe4+ Kf4 65.Nd6 Rxg2 66.Rxa5 Rh2 67.
b4 Rxh3 68.b5 Ne2+ 69.Kc4 Rc3+ 70.Kb4 h3 71.Ra8 Rc1 72.Rf8+ Kg4 73.Rg8+ 
Kf3 74.Rh8 Kg2 75.Rg8+ Kf3 76.Rh8 Kg2 77.Rg8+ 1/2-1/2

[Event "16th EUR-ch"]
[Site "Jerusalem ISR"]
[Date "2015.02.27"]
[Round "4"]
[White "Alekseev, Evgeny"]
[Black "Kogan, Artur"]
[Result "1/2-1/2"]
[WhiteElo "2677"]
[BlackElo "2555"]
[EventDate "2015.02.24"]
[PlyCount "79"]

1.e4 c5 2.Nf3 Nc6 3.Nc3 Nf6 4.d4 cxd4 5.Nxd4 e5 6.Ndb5 d6 7.Bg5 a6 8.Na3 
b5 9.Nd5 Be7 10.Bxf6 Bxf6 11.c4 b4 12.Nc2 O-O 13.g3 Bg5 14.Bg2 Qa5 15.O-O 
Qc5 16.Qe2 Rb8 17.b3 a5 18.Rad1 Kh8 19.Kh1 Bh6 20.Rd3 f5 21.Nde3 Bxe3 22.
Rd5 Qb6 23.Qxe3 Qc7 24.exf5 Ne7 25.Rd2 Nxf5 26.Qd3 Rf6 27.f4 Be6 28.Be4 
exf4 29.Rxf4 Rbf8 30.Bg2 Bg8 31.Nd4 Nxd4 32.Rxd4 Re8 33.Re2 Rxe2 34.Qxe2 
Qc5 35.Rd2 Re6 36.Qd1 Qe3 37.Bd5 Rf6 38.Bxg8 Qe4+ 39.Kg1 Qe3+ 40.Kh1 
1/2-1/2

[Event "16th EUR-ch"]
[Site "Jerusalem ISR"]
[Date "2015.02.27"]
[Round "4"]
[White "Sargissian, Gabriel"]
[Black "Boruchovsky, Avital"]
[Result "1-0"]
[WhiteElo "2668"]
[BlackElo "2536"]
[EventDate "2015.02.24"]
[PlyCount "137"]

1.d4 Nf6 2.c4 g6 3.Nf3 Bg7 4.g3 c6 5.Bg2 d5 6.Qb3 O-O 7.O-O b6 8.Rd1 Bb7 
9.Nc3 Nbd7 10.cxd5 cxd5 11.Bf4 e6 12.Nb5 a6 13.Nd6 Ra7 14.Rac1 Ne4 15.Qa3 
Qa8 16.Ng5 Nxg5 17.Bxg5 Bc6 18.Nxf7 Rxf7 19.Qd6 Bb7 20.Qxe6 Nf8 21.Qxb6 
Bc8 22.Rc6 Rad7 23.Bh3 Bb7 24.Rc3 Qe8 25.Re3 Qc8 26.Bxd7 Qxd7 27.Qd8 Qa4 
28.b3 Qxa2 29.Re7 Rxe7 30.Qxe7 Bc8 31.h4 Bf5 32.Rc1 Be4 33.Rc7 Qa1+ 34.Bc1
Qxd4 35.Qf7+ Kh8 36.Kh2 Bf5 37.e3 Qa1 38.Qxd5 Be6 39.Qd6 Qa2 40.Bd2 Bxb3 
41.e4 h6 42.Rxg7 Kxg7 43.Bc3+ Kf7 44.Qf6+ Ke8 45.Bb4 Kd7 46.Qd6+ Kc8 47.
Qxf8+ Kb7 48.Qe7+ Kc6 49.Qc5+ Kb7 50.Ba5 Qc2 51.Qb6+ Kc8 52.Qd8+ Kb7 53.
Qd7+ Kb8 54.Bb6 Ba4 55.Qd6+ Kb7 56.Qxg6 Bc6 57.Be3 Bxe4 58.Qb6+ Kc8 59.
Qxh6 Kd7 60.Qg7+ Ke6 61.Qg8+ Ke7 62.Bg5+ Kd7 63.Qd8+ Ke6 64.Qe7+ Kd5 65.
Qd7+ Ke5 66.Bd2 Kf6 67.g4 Qc5 68.Bg5+ Kg6 69.Qe6+ 1-0

[Event "16th EUR-ch"]
[Site "Jerusalem ISR"]
[Date "2015.02.27"]
[Round "4"]
[White "Klein, David"]
[Black "Howell, David"]
[Result "0-1"]
[WhiteElo "2505"]
[BlackElo "2663"]
[EventDate "2015.02.24"]
[PlyCount "58"]

1.e4 e5 2.Nf3 Nc6 3.Bb5 a6 4.Ba4 Nf6 5.d3 d6 6.c3 g6 7.Nbd2 Bg7 8.Nf1 b5 
9.Bc2 Nb8 10.Ng3 c5 11.d4 exd4 12.cxd4 cxd4 13.Nxd4 O-O 14.O-O Re8 15.a4 
b4 16.Bf4 Ng4 17.h3 Ne5 18.Bb3 Bb7 19.Qd2 Nbd7 20.Bg5 Qb6 21.Be3 Nc5 22.a5
Qd8 23.Qxb4 Rb8 24.Ba2 Qh4 25.Qa3 Nxe4 26.Nh1 Ng5 27.f4 Nxh3+ 28.gxh3 Qxh3
29.fxe5 Qg2# 0-1

[Event "16th EUR-ch"]
[Site "Jerusalem ISR"]
[Date "2015.02.27"]
[Round "4"]
[White "Andersen, Mads"]
[Black "Nisipeanu, Liviu-Dieter"]
[Result "0-1"]
[WhiteElo "2494"]
[BlackElo "2654"]
[EventDate "2015.02.24"]
[PlyCount "104"]

1.d4 d5 2.c4 e6 3.Nf3 dxc4 4.e3 a6 5.Bxc4 Nf6 6.O-O b5 7.Bd3 Bb7 8.a4 b4 
9.Nbd2 Nbd7 10.Qe2 c5 11.e4 cxd4 12.e5 Nd5 13.Nc4 Nc5 14.Bg5 Qd7 15.Na5 
Be7 16.Nxb7 Qxb7 17.Bxe7 Kxe7 18.Bc4 Rhd8 19.Qd2 d3 20.Bxd3 h6 21.Bc4 Rac8
22.Bxd5 Rxd5 23.Qe3 Nd3 24.Rab1 Rcd8 25.Qe4 Qb8 26.b3 a5 27.Qh4+ Kf8 28.
Ra1 Nxe5 29.Nxe5 Qxe5 30.Rac1 Rd4 31.Qh3 Rd3 32.Qh4 Qd4 33.Qh5 Qd5 34.Qxd5
R8xd5 35.Rb1 Rc3 36.Rb2 Rdd3 37.Rfb1 Ke7 38.Kf1 e5 39.Ke2 Ke6 40.Ke1 e4 
41.Ke2 Ke5 42.Ke1 f5 43.Ke2 f4 44.Kf1 g5 45.Ke2 h5 46.Kf1 h4 47.Ke2 g4 48.
Kf1 g3 49.hxg3 hxg3 50.fxg3 Rxg3 51.Kf2 Kd4 52.Kf1 f3 0-1

[Event "16th EUR-ch"]
[Site "Jerusalem ISR"]
[Date "2015.02.27"]
[Round "4"]
[White "Khismatullin, Denis"]
[Black "Zoler, Dan"]
[Result "1-0"]
[WhiteElo "2653"]
[BlackElo "2527"]
[EventDate "2015.02.24"]
[PlyCount "53"]

1.d4 d5 2.c4 c6 3.Nf3 Nf6 4.Nc3 dxc4 5.a4 Bf5 6.Ne5 Nbd7 7.Nxc4 Nb6 8.Ne5 
a5 9.h4 e6 10.f3 h5 11.e4 Bh7 12.Be3 Nfd7 13.Nd3 Be7 14.g3 O-O 15.Rc1 Rc8 
16.Ne2 Na8 17.Nef4 g6 18.Qb3 Rb8 19.Kf2 Nc7 20.Bh3 Re8 21.Rhd1 Nf8 22.Ne5 
Na6 23.d5 exd5 24.Nxd5 Bxh4 25.Nxf7 Kxf7 26.Ne7+ Kxe7 27.gxh4 1-0